[Event "Yerevan op 1st"]
[Site "Yerevan"]
[Date "2016.10.04"]
[Round "3"]
[White "Petrosyan, Narek Agh"]
[Black "Grigoryan, Gor A"]
[Result "0-1"]
[WhiteElo "1419"]
[BlackElo "1800"]
[PlyCount "114"]
[EventDate "2016.10.02"]
[EventType "swiss"]
[EventRounds "9"]
[EventCountry "ARM"]
[SourceTitle "EXT 2017"]
[Source "ChessBase"]
[SourceDate "2016.10.25"]
[SourceVersion "1"]
[SourceVersionDate "2016.10.25"]
[SourceQuality "1"]

1. e4 e6 2. d4 d5 3. Nc3 Nf6 4. Bg5 Bb4 5. e5 h6 6. Bxf6 gxf6 7. Nf3 c5 8. a3 Bxc3+ 9. bxc3 c4 10. Be2 Nc6 11. 0-0 Bd7 12. Re1 f5 13. h3 Qa5 14. Qd2 0-0-0 15. Reb1 Qa4 16. Rb2 b5 17. Rab1 a6 18. Ra1 Kc7 19. Nh2 h5 20. h4 Qa5 21. f4 Qb6 22. Nf3 Ra8 23. Ng5 Be8 24. Rab1 Qa7 25. Kh2 Rb8 26. Qd1 Qb6 27. Qd2 Kd8 28. Nf3 Qa5 29. Ra1 Bd7 30. Ng5 Ke7 31. Qe1 Qb6 32. Qd2 a5 33. Nf3 Qc7 34. Rab1 Rb7 35. Rxb5 Rxb5 36. Rxb5 Nxe5 37. Rb1 Ng4+ 38. Kg1 Rb8 39. Rxb8 Qxb8 40. Ne5 Qb1+ 41. Qd1 Qb2 42. Bxg4 fxg4 43. Qd2 f5 44. Nxd7 Kxd7 45. a4 Qa1+ 46. Kf2 Qxa4 47. Qc1 Qa2 48. Ke2 a4 49. Kd2 a3 50. g3 Qb2 51. Kd1 Qxc3 52. Qb1 Qxd4+ 53. Ke2 Qb2 54. Qg1 Qxc2+ 55. Ke3 a2 56. Qa1 c3 57. Kd4 Qb2 0-1